Sports Quiz

Random Sports or NBA Quiz
Score 0/300 Timer 20:00
0 Plays Today
Team Player % Correct
Atlanta HawksTrae Young
97.3%
Chicago BullsThaddeus Young
97.1%
Boston CelticsKemba Walker
94.2%
Brooklyn NetsKyrie Irving
93.3%
Boston CelticsJaylen Brown
92.9%
Boston CelticsJayson Tatum
92.5%
Los Angeles ClippersLou Williams
92.1%
Denver NuggetsGary Harris
91.4%
Boston CelticsEnes Kanter
91.1%
Brooklyn NetsJoe Harris
90.9%
Boston CelticsGordon Hayward
90.7%
Philadelphia 76ersTobias Harris
90.6%
Cleveland CavaliersAndre Drummond
90.2%
Golden State WarriorsStephen Curry
90%
Golden State WarriorsAndrew Wiggins
89.8%
Atlanta HawksJohn Collins
89.5%
Brooklyn NetsKevin Durant
89.5%
Brooklyn NetsJarrett Allen
89.4%
Charlotte HornetsTerry Rozier
89.4%
Golden State WarriorsDraymond Green
89.2%
Boston CelticsDaniel Theis
89.2%
San Antonio SpursDerrick White
88.7%
Chicago BullsZach LaVine
88.7%
Indiana PacersMyles Turner
88.3%
Los Angeles LakersLeBron James
88.1%
Atlanta HawksJeff Teague
88%
Denver NuggetsNikola Jokic
88%
Houston RocketsRussell Westbrook
88%
Houston RocketsJames Harden
87.9%
Cleveland CavaliersCollin Sexton
87.9%
Cleveland CavaliersKevin Love
87.9%
Denver NuggetsJamal Murray
87.7%
Golden State WarriorsKlay Thompson
87.7%
San Antonio SpursDejounte Murray
87.6%
Los Angeles LakersAnthony Davis
87.5%
Brooklyn NetsDeAndre Jordan
87.3%
Dallas MavericksKristaps Porzingis
87.3%
Los Angeles ClippersKawhi Leonard
87.1%
Portland Trail BlazersCarmelo Anthony
87.1%
Houston RocketsEric Gordon
87%
Memphis GrizzliesJaren Jackson Jr.
87%
Detroit PistonsBlake Griffin
86.7%
Utah JazzEd Davis
86.6%
Los Angeles ClippersMarcus Morris
86.4%
Houston RocketsPJ Tucker
86.3%
Orlando MagicAaron Gordon
86.3%
Atlanta HawksClint Capela
86.2%
Chicago BullsWendell Carter Jr.
86.2%
Dallas MavericksDelon Wright
85.7%
Detroit PistonsReggie Jackson
85.2%
Los Angeles LakersDanny Green
85.2%
Milwaukee BucksBrook Lopez
85.2%
Indiana PacersVictor Oladipo
85.1%
Milwaukee BucksRobin Lopez
85%
Chicago BullsOtto Porter Jr.
84.1%
Atlanta HawksKevin Huerter
84.1%
Los Angeles LakersJaVale McGee
84%
San Antonio SpursPatty Mills
84%
Oklahoma City ThunderChris Paul
83.8%
Detroit PistonsChristian Wood
83.7%
Minnesota TimberwolvesKarl-Anthony Towns
83.7%
New Orleans PelicansLonzo Ball
83.6%
Chicago BullsLauri Markkanen
83.5%
Milwaukee BucksKhris Middleton
83.4%
Detroit PistonsDerrick Rose
83.3%
Milwaukee BucksGiannis Antetokounmpo
83.1%
Los Angeles ClippersPatrick Beverley
83%
New Orleans PelicansZion Williamson
83%
Denver NuggetsPaul Millsap
82.7%
Chicago BullsTomas Satoransky
82.6%
Milwaukee BucksEric Bledsoe
82.6%
Brooklyn NetsCaris LeVert
82.5%
Memphis GrizzliesDe'Anthony Melton
82.5%
Philadelphia 76ersBen Simmons
82.5%
Utah JazzGeorges Niang
82.3%
Los Angeles ClippersJaMychal Green
82.2%
Indiana PacersMalcolm Brogdon
82.2%
Houston RocketsRobert Covington
82.1%
New Orleans PelicansBrandon Ingram
82.1%
Philadelphia 76ersJoel Embiid
81.9%
Oklahoma City ThunderSteven Adams
81.6%
Los Angeles LakersAvery Bradley
81.6%
Portland Trail BlazersDamian Lillard
81.6%
Brooklyn NetsSpencer Dinwiddie
81.4%
Charlotte HornetsCody Zeller
81.2%
Milwaukee BucksPat Connaughton
81.2%
Indiana PacersAaron Holiday
81.1%
Phoenix SunsDevin Booker
81%
Los Angeles LakersRajon Rondo
80.9%
Phoenix SunsTyler Johnson
80.9%
New Orleans PelicansJrue Holiday
80.9%
Philadelphia 76ersAl Horford
80.9%
Memphis GrizzliesJa Morant
80.8%
Portland Trail BlazersCJ McCollum
80.2%
Sacramento KingsDe'Aaron Fox
79.9%
Toronto RaptorsKyle Lowry
79.8%
Miami HeatKelly Olynyk
79.6%
Cleveland CavaliersKevin Porter Jr.
79.4%
Toronto RaptorsMarc Gasol
79.2%
Orlando MagicNikola Vucevic
78.8%
Team Player % Correct
Atlanta HawksDeAndre Hunter
78.7%
Washington WizardsBradley Beal
78.7%
Cleveland CavaliersDarius Garland
78.6%
Los Angeles LakersDwight Howard
78.5%
Golden State WarriorsKevon Looney
78.3%
Miami HeatKendrick Nunn
78.3%
Miami HeatJimmy Butler
78.2%
Washington WizardsJohn Wall
78.2%
San Antonio SpursDeMar DeRozan
78.1%
Charlotte HornetsPJ Washington
77.9%
Houston RocketsDanuel House Jr.
77.9%
Los Angeles ClippersMontrezl Harrell
77.9%
Sacramento KingsBuddy Hield
77.7%
Denver NuggetsMichael Porter Jr.
77.6%
Los Angeles ClippersIvica Zubac
77.6%
Toronto RaptorsPascal Siakam
77.5%
Cleveland CavaliersCedi Osman
77.4%
Washington WizardsShabazz Napier
77.4%
Phoenix SunsDeAndre Ayton
77.3%
Utah JazzDonovan Mitchell
77.2%
Phoenix SunsRicky Rubio
77.2%
Detroit PistonsMarkieff Morris
77.1%
Utah JazzMike Conley
77.1%
Dallas MavericksDwight Powell
76.9%
Philadelphia 76ersJosh Richardson
76.7%
New York KnicksJulius Randle
76.7%
Denver NuggetsMonte Morris
76.6%
Portland Trail BlazersJusuf Nurkic
76.5%
Utah JazzRudy Gobert
76.4%
New York KnicksElfrid Payton
76.4%
Portland Trail BlazersHassan Whiteside
76.3%
Minnesota TimberwolvesD'Angelo Russell
76.1%
Sacramento KingsBogdan Bogdanovic
75.6%
Toronto RaptorsFred VanVleet
75.6%
Dallas MavericksDorian Finney-Smith
75.6%
Miami HeatDuncan Robinson
75.3%
Memphis GrizzliesJonas Valanciunas
75.1%
Minnesota TimberwolvesJosh Okogie
74.5%
Boston CelticsMarcus Smart
74.3%
Miami HeatMeyers Leonard
74.1%
Toronto RaptorsTerence Davis
73.7%
Charlotte HornetsDevonte Graham
73.2%
Charlotte HornetsMiles Bridges
73.2%
Miami HeatJae Crowder
72.7%
Oklahoma City ThunderDanilo Gallinari
72.7%
Chicago BullsRyan Arcidiacono
72.6%
Memphis GrizzliesJustise Winslow
72.4%
Toronto RaptorsNorman Powell
72.2%
Orlando MagicEvan Fournier
72.1%
New York KnicksRJ Barrett
72.1%
Phoenix SunsMikal Bridges
72%
Los Angeles ClippersPaul George
71.9%
Indiana PacersDomantas Sabonis
71.4%
Denver NuggetsWill Barton
71.1%
Minnesota TimberwolvesJarrett Culver
71.1%
New York KnicksTaj Gibson
70.9%
New York KnicksKevin Knox
70.4%
Philadelphia 76ersGlenn Robinson
70.4%
Dallas MavericksLuka Doncic
70.2%
Detroit PistonsLuke Kennard
70.2%
Phoenix SunsKelly Oubre Jr.
70%
Utah JazzJoe Ingles
70%
San Antonio SpursTrey Lyles
69.9%
Dallas MavericksTim Hardaway Jr.
69.8%
Atlanta HawksDewayne Dedmon
69.7%
Orlando MagicDJ Augustin
69.5%
Sacramento KingsHarrison Barnes
69.1%
Sacramento KingsMarvin Bagley
69%
Milwaukee BucksWesley Matthews
68.9%
New Orleans PelicansJJ Redick
68.9%
Oklahoma City ThunderShai Gilgeous-Alexander
68.8%
Miami HeatBam Adebayo
68.5%
Milwaukee BucksGeorge Hill
68.3%
Indiana PacersTJ Warren
68.3%
Miami HeatAndre Iguodala
68.1%
Washington WizardsJerome Robinson
67%
New York KnicksBobby Portis
66.8%
Charlotte HornetsNicolas Batum
66.7%
Cleveland CavaliersDante Exum
66.5%
New Orleans PelicansDerrick Favors
66.4%
Toronto RaptorsPatrick McCaw
66%
Utah JazzBojan Bogdanovic
65.7%
Memphis GrizzliesTyus Jones
65.6%
New Orleans PelicansE'Twaun Moore
65.6%
Washington WizardsTroy Brown Jr.
65.4%
Golden State WarriorsMarquese Chriss
65.2%
Toronto RaptorsSerge Ibaka
65.2%
Los Angeles LakersKentavious Caldwell-Pope
65%
Washington WizardsIsh Smith
65%
Brooklyn NetsTaurean Prince
64.7%
Denver NuggetsMason Plumlee
64.3%
Oklahoma City ThunderTerrance Ferguson
64.2%
Golden State WarriorsKy Bowman
64.1%
Orlando MagicMarkelle Fultz
64.1%
Oklahoma City ThunderDennis Schroder
64%
Orlando MagicJonathan Isaac
63.9%
Phoenix SunsDario Saric
63.6%
San Antonio SpursLaMarcus Aldridge
63.6%
Miami HeatGoran Dragic
63.4%
Houston RocketsAustin Rivers
63.3%
Team Player % Correct
Washington WizardsThomas Bryant
63%
Denver NuggetsJerami Grant
62.5%
Sacramento KingsRichaun Holmes
62.4%
Los Angeles LakersKyle Kuzma
62.3%
Boston CelticsGrant Williams
61.9%
New York KnicksMitchell Robinson
61.8%
Boston CelticsBrad Wanamaker
61.2%
Detroit PistonsSvi Mykhailiuk
61.1%
Dallas MavericksSeth Curry
61%
Cleveland CavaliersLarry Nance Jr.
60.5%
Portland Trail BlazersTrevor Ariza
60.4%
Orlando MagicMo Bamba
60.1%
Charlotte HornetsMalik Monk
58.7%
Houston RocketsTyson Chandler
58.6%
Toronto RaptorsOG Anunoby
58.3%
Indiana PacersGoga Bitadze
58%
Houston RocketsBen McLemore
57.3%
Atlanta HawksCam Reddish
57.1%
Phoenix SunsCameron Johnson
56.8%
Golden State WarriorsJordan Poole
56.3%
Miami HeatTyler Herro
56.3%
Atlanta HawksDeAndre Bembry
56.2%
Memphis GrizzliesDillon Brooks
55.2%
Atlanta HawksSkal Labissiere
55.1%
Los Angeles ClippersRodney McGruder
55.1%
Chicago BullsCoby White
55.1%
Dallas MavericksJalen Brunson
54.7%
Orlando MagicAl-Farouq Aminu
54.3%
Phoenix SunsAron Baynes
54.2%
New York KnicksFrank Ntilikina
54.2%
Dallas MavericksWillie Cauley-Stein
54.2%
Los Angeles LakersAlex Caruso
53.4%
Cleveland CavaliersTristan Thompson
53.1%
Houston RocketsThabo Sefolosha
53%
New Orleans PelicansNicolo Melli
52.8%
Oklahoma City ThunderDarius Bazley
52.7%
Detroit PistonsTony Snell
52.6%
San Antonio SpursBryn Forbes
52.4%
Charlotte HornetsBismack Biyombo
52.1%
New Orleans PelicansJaxson Hayes
51.8%
Charlotte HornetsCody Martin
51.5%
Oklahoma City ThunderNerlens Noel
51.3%
Minnesota TimberwolvesMalik Beasley
50.7%
Indiana PacersTJ McConnell
49.9%
Portland Trail BlazersAnfernee Simons
49.8%
Denver NuggetsTorrey Craig
49.1%
Sacramento KingsKent Bazemore
48.7%
Milwaukee BucksErsan Ilyasova
48.3%
Orlando MagicTerrence Ross
48%
Cleveland CavaliersMatthew Dellavedova
47.5%
Memphis GrizzliesBrandon Clarke
47.4%
Dallas MavericksMaxi Kleber
47.3%
Detroit PistonsBruce Brown
47.1%
New Orleans PelicansJosh Hart
46.7%
Memphis GrizzliesKyle Anderson
46.6%
Chicago BullsKris Dunn
46.2%
Brooklyn NetsRodions Kurucs
45.8%
Minnesota TimberwolvesJuan Hernangomez
45.5%
Toronto RaptorsRondae Hollis-Jefferson
45.4%
San Antonio SpursJakob Poeltl
45.3%
Indiana PacersJeremy Lamb
45.2%
Washington WizardsRui Hachimura
44.6%
Charlotte HornetsDwayne Bacon
44%
Minnesota TimberwolvesNaz Reid
43.9%
San Antonio SpursMarco Belinelli
43.8%
New York KnicksMaurice Harkless
43.3%
Detroit PistonsThon Maker
43.1%
Utah JazzEmmanuel Mudiay
43%
Minnesota TimberwolvesJake Layman
42.9%
Golden State WarriorsEric Paschall
42.5%
Golden State WarriorsDamion Lee
42.2%
Minnesota TimberwolvesOmari Spellman
42%
Philadelphia 76ersAlec Burks
41.8%
Boston CelticsSemi Ojeleye
41.7%
Brooklyn NetsGarrett Temple
41.7%
Utah JazzJordan Clarkson
41.5%
Portland Trail BlazersRodney Hood
41.5%
Philadelphia 76ersFurkan Korkmaz
41.4%
San Antonio SpursRudy Gay
40.9%
Portland Trail BlazersZach Collins
40.2%
Sacramento KingsNemanja Bjelica
39.5%
Utah JazzRoyce O'Neale
39.5%
Sacramento KingsCory Joseph
39.3%
Milwaukee BucksDonte DiVincenzo
38.8%
Phoenix SunsFrank Kaminsky
38.8%
Philadelphia 76ersMatisse Thybulle
37.3%
Washington WizardsDavis Bertans
36.8%
Sacramento KingsAlex Len
36.2%
Oklahoma City ThunderHamidou Diallo
36.1%
Indiana PacersDoug McDermott
35.6%
Minnesota TimberwolvesJacob Evans
35.1%
New York KnicksReggie Bullock
35%
Los Angeles ClippersLandry Shamet
32.8%
Oklahoma City ThunderMike Muscala
30.7%
Orlando MagicJames Ennis
30.6%
Portland Trail BlazersMario Hezonja
28.9%
Memphis GrizzliesGorgui Dieng
27.8%
Philadelphia 76ersMike Scott
27%
Washington WizardsMoritz Wagner
26.9%
Chicago BullsDaniel Gafford
25.7%

You're not logged in!

Compare scores with friends on all Sporcle quizzes.
OR
Log In

Sporcle TV

Today on Sporcle TV


Watch our educational content, quiz creation guides, and fun videos on Sporcle TV.

Show Comments

Extras

Top Quizzes Today


Score Distribution

Paid Content

Your Account Isn't Verified!

In order to create a playlist on Sporcle, you need to verify the email address you used during registration. Go to your Sporcle Settings to finish the process.

Report this User

Report this user for behavior that violates our Community Guidelines.

Details: